MARC details
| 000 -LEADER |
| fixed length control field |
01567nam a2200457 a 4500 |
| 001 - CONTROL NUMBER |
| control field |
vtls000013836 |
| 003 - CONTROL NUMBER IDENTIFIER |
| control field |
NLI |
| 005 - DATE AND TIME OF LATEST TRANSACTION |
| control field |
20210601181533.0 |
| 008 - FIXED-LENGTH DATA ELEMENTS--GENERAL INFORMATION |
| fixed length control field |
101125s1996 enk 101 0 eng |
| 020 ## - INTERNATIONAL STANDARD BOOK NUMBER |
| International Standard Book Number |
1853124885 (set 2 vols) |
| Terms of availability |
£ 258.00 |
| 020 ## - INTERNATIONAL STANDARD BOOK NUMBER |
| International Standard Book Number |
185312477X (v.1) |
| 020 ## - INTERNATIONAL STANDARD BOOK NUMBER |
| International Standard Book Number |
1853124877 (v.2) |
| 039 #9 - LEVEL OF BIBLIOGRAPHIC CONTROL AND CODING DETAIL [OBSOLETE] |
| -- |
201011250108 |
| -- |
VLOAD |
| 040 0# - CATALOGING SOURCE |
| Original cataloging agency |
NLI |
| Language of cataloging |
eng |
| Transcribing agency |
VERGIS-2003 |
| 041 0# - LANGUAGE CODE |
| Language code of text/sound track or separate title |
eng |
| 044 ## - COUNTRY OF PUBLISHING/PRODUCING ENTITY CODE |
| MARC country code |
enk |
| 082 04 - DEWEY DECIMAL CLASSIFICATION NUMBER |
| Classification number |
629.048 |
| 111 2# - MAIN ENTRY--MEETING NAME |
| Meeting name or jurisdiction name as entry element |
International Conference on Computational Methods in Water Resources |
| Number of part/section/meeting |
(11th: |
| Date of meeting or treaty signing |
Jul 1996: |
| Location of meeting |
Mexico) |
| 9 (RLIN) |
51862 |
| 245 10 - TITLE STATEMENT |
| Title |
Computational methods in sub surface flow and transport problems/ |
| Statement of responsibility, etc. |
edited by A.A. Aldama...[etal.] |
| 260 ## - PUBLICATION, DISTRIBUTION, ETC. |
| Place of publication, distribution, etc. |
Southampton: |
| Name of publisher, distributor, etc. |
Computational Mechanics, |
| Date of publication, distribution, etc. |
1996 |
| 300 ## - PHYSICAL DESCRIPTION |
| Extent |
2v.; |
| Dimensions |
24 cm. |
| 440 #0 - SERIES STATEMENT/ADDED ENTRY--TITLE |
| Title |
Computational methods in Water Resources |
| Volume/sequential designation |
no.XI |
| 9 (RLIN) |
51863 |
| 500 ## - GENERAL NOTE |
| General note |
Library has Vol. 1&2 |
| 505 ## - FORMATTED CONTENTS NOTE |
| Formatted contents note |
Vol. 1 -v. 2 |
| 650 #0 - SUBJECT ADDED ENTRY--TOPICAL TERM |
| Topical term or geographic name entry element |
Transportation |
| General subdivision |
Data processing |
| 9 (RLIN) |
51864 |
| 650 #0 - SUBJECT ADDED ENTRY--TOPICAL TERM |
| Topical term or geographic name entry element |
Transportation engineering |
| General subdivision |
Data processing |
| 9 (RLIN) |
51865 |
| 650 #0 - SUBJECT ADDED ENTRY--TOPICAL TERM |
| Topical term or geographic name entry element |
Highway engineering |
| General subdivision |
Data processing |
| 9 (RLIN) |
51866 |
| 700 1# - ADDED ENTRY--PERSONAL NAME |
| Personal name |
Aldama, A.A., |
| Relationship |
edt |
| 9 (RLIN) |
51867 |
| 887 ## - NON-MARC INFORMATION FIELD |
| Content of non-MARC field |
B. Umarani |
| 901 ## - LOCAL DATA ELEMENT A, LDA (RLIN) |
| a |
531015 |
| b |
01/01/1998 v.1 |
| 901 ## - LOCAL DATA ELEMENT A, LDA (RLIN) |
| a |
531016 |
| b |
01/01/1998 v.2 |
| 902 ## - LOCAL DATA ELEMENT B, LDB (RLIN) |
| a |
E 629.048 C 739 |
| 903 ## - LOCAL DATA ELEMENT C, LDC (RLIN) |
| a |
03/03/2004 |
| 904 ## - LOCAL DATA ELEMENT D, LDD (RLIN) |
| a |
B. Umarani |
| 906 ## - LOCAL DATA ELEMENT F, LDF (RLIN) |
| a |
012779 |
| 906 ## - LOCAL DATA ELEMENT F, LDF (RLIN) |
| a |
012780 |
| 949 ## - LOCAL PROCESSING INFORMATION (OCLC) |
| -- |
VIRTUAITEM |
| -- |
10000 |
| -- |
1 |
| -- |
100 |
| 6 |
PUR000531015ENG |
| 9 |
v.1 |
| a |
E 629.048 C739v1 |
| 942 ## - ADDED ENTRY ELEMENTS (KOHA) |
| Source of classification or shelving scheme |
Dewey Decimal Classification |
| Koha item type |
Books |
| 949 ## - LOCAL PROCESSING INFORMATION (OCLC) |
| -- |
VIRTUAITEM |
| -- |
10000 |
| -- |
1 |
| -- |
100 |
| 6 |
PUR000531016ENG |
| 9 |
v.2 |
| a |
E 629.048 C739v2 |